[Event "CRO-chT2 Ost"]
[Site "Croatia"]
[Date "2015.05.09"]
[Round "5.15"]
[White "Dubravac, Andrija"]
[Black "Zubak, Zeljko"]
[Result "1/2-1/2"]
[WhiteElo "1969"]
[BlackElo "1992"]
[PlyCount "128"]
[EventDate "2015.04.25"]
[EventType "team-tourn"]
[EventRounds "11"]
[EventCountry "CRO"]
[SourceTitle "EXT 2016"]
[Source "ChessBase"]
[SourceDate "2015.10.08"]
[SourceVersion "1"]
[SourceVersionDate "2015.10.08"]
[SourceQuality "1"]

1. c4 Nf6 2. Nc3 e6 3. e4 d5 4. e5 Nfd7 5. Nf3 Nb6 6. cxd5 exd5 7. d4 Bg4 8. Be2 Be7 9. a3 0-0 10. b4 N8d7 11. Be3 c6 12. 0-0 a6 13. Nd2 Be6 14. f4 Nc4 15. Nxc4 dxc4 16. d5 Bxd5 17. Nxd5 cxd5 18. Qxd5 Qc7 19. Qxc4 Rac8 20. Rac1 Qb8 21. Qe4 b5 22. Rc6 a5 23. Rfc1 axb4 24. axb4 Rfd8 25. Bg4 Rxc6 26. Qxc6 Nf8 27. Bb6 Rd2 28. Bc5 Bxc5+ 29. Qxc5 Qd8 30. h3 Qd3 31. Rf1 Rc2 32. Qd6 Qe3+ 33. Kh2 Qe4 34. Rf3 g6 35. Qd3 Qc6 36. Rg3 Rc4 37. Qd6 Qe4 38. Rf3 h5 39. Bd7 Rd4 40. Bc6 Rxd6 41. Bxe4 Rd4 42. Bc6 Rxb4 43. f5 g5 44. e6 fxe6 45. fxe6 Ng6 46. Rf6 Ne7 47. Be8 Rf4 48. Rxf4 gxf4 49. Bxb5 Kg7 50. h4 Kf6 51. Be8 Kxe6 52. Bxh5 Kf6 53. Bf3 Nf5 54. Kh3 Ne3 55. Kh2 Nxg2 56. Kxg2 Kg6 57. h5+ Kg7 58. Kh3 Kh6 59. Kg4 Kg7 60. Kxf4 Kh6 61. Kf5 Kh7 62. Kg5 Kg7 63. h6+ Kh8 64. Kg6 Kg8 1/2-1/2

[Event "Osijek-ch op"]
[Site "Osijek"]
[Date "2012.02.26"]
[Round "7"]
[White "Dubravac, Andrija"]
[Black "Dulic, Grgur"]
[Result "0-1"]
[WhiteElo "1945"]
[BlackElo "2268"]
[PlyCount "42"]
[EventDate "2012.02.23"]
[EventType "swiss"]
[EventRounds "7"]
[EventCountry "CRO"]
[SourceTitle "EXT 2013"]
[Source "ChessBase"]
[SourceDate "2012.11.22"]
[SourceVersion "1"]
[SourceVersionDate "2012.11.22"]
[SourceQuality "1"]

1. f4 d5 2. Nf3 Nf6 3. e3 g6 4. b3 Bg7 5. Bb2 0-0 6. Be2 c5 7. 0-0 Nc6 8. d3 d4 9. exd4 Ng4 10. Ne5 Ne3 11. Qe1 Nxf1 12. Nxc6 bxc6 13. Kxf1 cxd4 14. Bf3 Qd6 15. Na3 Be6 16. g3 Bd5 17. Qd1 e5 18. fxe5 Qxe5 19. Kg2 Rfe8 20. Bc1 Qe2+ 21. Qxe2 Rxe2+ 0-1

[Event "Osijek-ch op"]
[Site "Osijek"]
[Date "2012.02.25"]
[Round "6"]
[White "Bender, Ivan"]
[Black "Dubravac, Andrija"]
[Result "0-1"]
[WhiteElo "2272"]
[BlackElo "1945"]
[PlyCount "100"]
[EventDate "2012.02.23"]
[EventType "swiss"]
[EventRounds "7"]
[EventCountry "CRO"]
[SourceTitle "EXT 2013"]
[Source "ChessBase"]
[SourceDate "2012.11.22"]
[SourceVersion "1"]
[SourceVersionDate "2012.11.22"]
[SourceQuality "1"]

1. d4 d5 2. c4 dxc4 3. Nf3 c6 4. e3 Bf5 5. Bxc4 e6 6. 0-0 h6 7. Nc3 Nf6 8. Qe2 Ne4 9. Ne5 Nxc3 10. bxc3 Nd7 11. Nxd7 Qxd7 12. e4 Bg6 13. a4 Be7 14. a5 0-0 15. f4 Rae8 16. g4 Bh7 17. f5 b5 18. axb6 axb6 19. e5 b5 20. Bb3 Bh4 21. Ba3 Be7 22. Bb2 Bg5 23. Qf2 Bd8 24. Ba3 Be7 25. Bc1 Bg5 26. Bxg5 hxg5 27. f6 gxf6 28. exf6 e5 29. h3 exd4 30. cxd4 Re4 31. d5 cxd5 32. Qd2 Re5 33. Rae1 Rfe8 34. Rxe5 Rxe5 35. Re1 Rxe1+ 36. Qxe1 Qa7+ 37. Kh2 Be4 38. h4 Qc7+ 39. Kh3 Qf4 40. hxg5 Qxg5 41. Qf2 Qc1 42. Kh4 Qh1+ 43. Kg5 Kh7 44. Kf4 Qc1+ 45. Ke5 Qc3+ 46. Kd6 Qxb3 47. Qh4+ Kg8 48. Qg5+ Bg6 49. Qh6 Qb4+ 50. Kxd5 Qc4+ 0-1

[Event "Osijek-ch op"]
[Site "Osijek"]
[Date "2012.02.23"]
[Round "1"]
[White "Mrkonjic, Nenad"]
[Black "Dubravac, Andrija"]
[Result "1-0"]
[WhiteElo "2377"]
[BlackElo "1945"]
[PlyCount "79"]
[EventDate "2012.02.23"]
[EventType "swiss"]
[EventRounds "7"]
[EventCountry "CRO"]
[SourceTitle "EXT 2013"]
[Source "ChessBase"]
[SourceDate "2012.11.22"]
[SourceVersion "1"]
[SourceVersionDate "2012.11.22"]
[SourceQuality "1"]

1. d4 Nf6 2. c4 e6 3. Nc3 d5 4. Nf3 c6 5. Qc2 Be7 6. e4 Nxe4 7. Nxe4 dxe4 8. Qxe4 Nd7 9. Bd2 Bf6 10. Bd3 Qc7 11. 0-0 c5 12. d5 Ne5 13. Bf4 Nxf3+ 14. Qxf3 Qb6 15. Rab1 0-0 16. Be4 e5 17. Be3 Qd6 18. b4 cxb4 19. c5 Qd7 20. Rxb4 b6 21. d6 bxc5 22. Bxc5 a5 23. Bxa8 axb4 24. Bc6 Qe6 25. Bd5 Qf5 26. Bxb4 Rd8 27. a4 Qc2 28. Qa3 e4 29. Rc1 Qd3 30. Qxd3 exd3 31. Bc6 g6 32. Bb5 Bd7 33. g3 Be5 34. Bxd7 Rxd7 35. Rd1 Rb7 36. Bc5 Rb3 37. a5 Rb5 38. d7 Bf6 39. Bb6 Rd5 40. a6 1-0

[Event "Osijek op"]
[Site "Osijek"]
[Date "2007.02.15"]
[Round "8"]
[White "Zovko, Mario"]
[Black "Dubravac, Andrija"]
[Result "1-0"]
[WhiteElo "2201"]
[BlackElo "2018"]
[PlyCount "95"]
[EventDate "2007.02.08"]
[EventType "swiss"]
[EventRounds "9"]
[EventCountry "CRO"]
[SourceTitle "EXT 2008"]
[Source "ChessBase"]
[SourceDate "2007.11.25"]
[SourceVersion "1"]
[SourceVersionDate "2007.11.25"]
[SourceQuality "1"]

1. e4 Nf6 2. Nc3 Nc6 3. Nf3 e5 4. d4 exd4 5. Nxd4 Nxd4 6. Qxd4 d6 7. Be2 Be7 8. 0-0 0-0 9. Bf4 Bg4 10. Bc4 Nh5 11. Be3 Be6 12. Rad1 Bxc4 13. Qxc4 c6 14. e5 d5 15. Qg4 g6 16. Ne2 Qc8 17. Qxc8 Rfxc8 18. c4 Rd8 19. cxd5 cxd5 20. Nc3 f5 21. Nxd5 Bf8 22. Bg5 Rdc8 23. Rc1 h6 24. Be7 Kf7 25. Bxf8 Kxf8 26. Nc7 Rab8 27. Nb5 a6 28. Nd6 Rc6 29. g3 f4 30. b3 Ke7 31. Rxc6 bxc6 32. Rc1 Ke6 33. Rxc6 Kxe5 34. Nc4+ Kf5 35. Kg2 Ra8 36. f3 fxg3 37. hxg3 Ng7 38. g4+ Kg5 39. Ne5 h5 40. Rxg6+ Kf4 41. Rxg7 Kxe5 42. Rg5+ Kd4 43. Rxh5 a5 44. a4 Rb8 45. Rb5 Rxb5 46. axb5 Kc5 47. g5 Kxb5 48. g6 1-0

[Event "Osijek op"]
[Site "Osijek"]
[Date "2007.02.08"]
[Round "1"]
[White "Mrkonjic, Nenad"]
[Black "Dubravac, Andrija"]
[Result "1-0"]
[WhiteElo "2382"]
[BlackElo "2018"]
[PlyCount "48"]
[EventDate "2007.02.08"]
[EventType "swiss"]
[EventRounds "9"]
[EventCountry "CRO"]
[SourceTitle "CBM 116 Extra"]
[Source "ChessBase"]
[SourceDate "2007.03.07"]
[SourceVersion "1"]
[SourceVersionDate "2007.03.07"]
[SourceQuality "1"]

1. d4 d5 2. c4 Nf6 3. Nc3 g6 4. Nf3 Bg7 5. Bf4 c6 6. e3 0-0 7. h3 dxc4 8. Bxc4 b5 9. Be2 Nd5 10. Nxd5 cxd5 11. 0-0 a6 12. a4 b4 13. Qb3 a5 14. Rfc1 Na6 15. Bb5 Bb7 16. Bc6 Bxc6 17. Rxc6 e6 18. Qd3 Nb8 19. Rc2 Qb6 20. Rac1 h6 21. Rc5 Nd7 22. Rc6 Qd8 23. Qb5 Re8 24. Rc7 Nf6 1-0

[Event "Bizovac Metalis op 12th"]
[Site "Bizovac"]
[Date "2005.02.24"]
[Round "1"]
[White "Dubravac, Andrija"]
[Black "Ascic, Pero"]
[Result "0-1"]
[WhiteElo "2029"]
[BlackElo "2360"]
[PlyCount "90"]
[EventDate "2005.02.24"]
[EventType "swiss"]
[EventRounds "7"]
[EventCountry "CRO"]
[SourceTitle "CBM 105 Extra"]
[Source "ChessBase"]
[SourceDate "2005.05.01"]
[SourceVersion "1"]
[SourceVersionDate "2005.05.01"]
[SourceQuality "1"]

1. d4 Nf6 2. Nf3 b6 3. c4 Bb7 4. Nc3 e6 5. a3 Be7 6. Bg5 0-0 7. Qc2 c5 8. e3 d5 9. dxc5 bxc5 10. cxd5 exd5 11. Be2 h6 12. Bh4 Nbd7 13. 0-0 Ne4 14. Bxe7 Qxe7 15. Nxe4 dxe4 16. Nd2 Kh8 17. Rac1 f5 18. Bb5 Rac8 19. Bxd7 Qxd7 20. Nc4 Qe6 21. Rfd1 Bd5 22. Qc3 Rfd8 23. g3 f4 24. exf4 e3 25. Nxe3 Bb7 26. Nc4 Rd4 27. Ne5 Qd5 28. Qf3 Qxf3 29. Nxf3 Rxd1+ 30. Rxd1 Bxf3 31. Rd3 Bc6 32. f3 Kg8 33. Kf2 Kf7 34. g4 Rb8 35. b3 Ke7 36. f5 Rd8 37. Re3+ Kd6 38. f4 Re8 39. Rd3+ Bd5 40. h4 Rb8 41. g5 h5 42. f6 gxf6 43. gxf6 Rxb3 44. f7 Rb8 45. Rc3 Bxf7 0-1

[Event "Bizovac Metalis op 10th"]
[Site "Bizovac"]
[Date "2003.02.26"]
[Round "1"]
[White "Kristovic, Marijan"]
[Black "Dubravac, Andrija"]
[Result "1-0"]
[WhiteElo "2330"]
[BlackElo "2022"]
[PlyCount "87"]
[EventDate "2003.02.26"]
[EventType "swiss"]
[EventRounds "9"]
[EventCountry "CRO"]
[SourceTitle "CBM 092 Extra"]
[Source "ChessBase"]
[SourceDate "2003.03.07"]
[SourceVersion "1"]
[SourceVersionDate "2003.03.07"]
[SourceQuality "1"]

1. e4 c6 2. d4 d5 3. exd5 cxd5 4. c4 Nf6 5. Nc3 e6 6. Nf3 h6 7. Be3 Be7 8. Rc1 0-0 9. h3 Nc6 10. Bd3 a6 11. c5 b6 12. cxb6 Qxb6 13. Qd2 Bb7 14. 0-0 Rfc8 15. Na4 Qd8 16. Nc5 Bxc5 17. Rxc5 Ne4 18. Bxe4 dxe4 19. Nh2 Ne7 20. b4 Rxc5 21. bxc5 Nd5 22. Ng4 Bc6 23. Ne5 Bb5 24. Re1 f6 25. Ng4 h5 26. Nh2 Bc6 27. Nf1 Rb8 28. Ng3 g6 29. Nxe4 Nxe3 30. Qxe3 Kg7 31. Nc3 Qa5 32. Qg3 Re8 33. Rb1 h4 34. Qe3 Qc7 35. Rb6 a5 36. a4 g5 37. Nb5 Qd7 38. Nd6 Re7 39. f4 Bd5 40. fxg5 Qxa4 41. Nf5+ Kf7 42. g6+ Ke8 43. Nxe7 Kxe7 44. Qf4 1-0